Nové trendy v ekonometrii a operačním výzkumu zborník [príspevkov] : mezinárodní vědecký seminář : 29. november - 1. december 2017 / 29. listopad - 1. prosinec 2017, Praha

Salvato in:
Dettagli Bibliografici
Enti autori: Nové trendy v ekonometrii a operačním výzkumu. Mezinárodní vědecký seminář, Fakulta informatiky a statistiky VŠE v Praze. Katedra ekonometrie, Fakulta hospodárskej informatiky EU. Katedra operačného výskumu a ekonometrie, Slovenská spoločnosť pre operačný výskum
Altri autori: Jablonský, Josef, König, Brian, 1983-, Lukáčik, Martin, 1974-, Brezina, Ivan, 1963-, Dlouhý, Martin
Natura: Libro
Lingua:ceco
slovacco
Pubblicazione: Bratislava Vydavateľstvo EKONÓM 2017
Edizione:1. vyd.
Soggetti:
Tags: Aggiungi Tag
Nessun Tag, puoi essere il primo ad aggiungerne!!

MARC

LEADER 00000nlm$a2200000$$$4500
001 0237888
005 20240827084048.8
020 |a 978-80-225-4455-9 
041 0 |a cze 
041 0 |a slo 
044 |a SK 
245 1 0 |a Nové trendy v ekonometrii a operačním výzkumu  |b zborník [príspevkov] : mezinárodní vědecký seminář : 29. november - 1. december 2017 / 29. listopad - 1. prosinec 2017, Praha  |c editori: Josef Jablonský, Brian König, web editor: Martin Lukáčik ; recenzenti: Ivan Brezina ... [et al.] 
250 |a 1. vyd. 
264 1 |a Bratislava  |b Vydavateľstvo EKONÓM  |c 2017 
300 |a CD-ROM [172 s., 10,07 AH] 
610 2 0 |a ekonometria 
610 2 0 |a výskum operačný 
610 2 0 |a modely ekonometrické 
610 2 0 |a analýza ekonometrická 
700 1 |a Jablonský, Josef 
700 1 |a König, Brian, 1983- 
700 1 |a Lukáčik, Martin, 1974- 
700 1 |a Brezina, Ivan, 1963- 
700 1 |a Dlouhý, Martin 
110 2 |a Nové trendy v ekonometrii a operačním výzkumu. Mezinárodní vědecký seminář 
710 2 |a Fakulta informatiky a statistiky VŠE v Praze. Katedra ekonometrie 
710 2 |a Fakulta hospodárskej informatiky EU. Katedra operačného výskumu a ekonometrie 
710 2 |a Slovenská spoločnosť pre operačný výskum